000
00317nam a2200133Ia 4500
008
240624s9999 xx 000 0 und d
041
_a
eng
082
_a
658.3 MAT
100
_a
MATHIS ROBERT L
245
_a
HUMAN RESOURCE MANAGEMENT
250
_a
(10th ed.)
260
_c
2005
300
_a
xxi, : 650 : p. : cm. ; 23
999
_c
7935
_d
7935